[Event "Tournoi francophone 016 Groupe E"]
[Site "Skype"]
[Date "????.??.??"]
[Round "1.1"]
[White "Yepez, German"]
[Black "Ibanez, Bittor"]
[Result "0-1"]
[WhiteElo "1180"]
[BlackElo "1030"]
[PlyCount "66"]

1. d4 Nf6 2. c3 e6 3. Nf3 c5 4. e3 d5 5. Bd3 c4 6. Bc2 Bd6 7. Nbd2 Nc6 8. e4
Bf4 9. g3 Bxd2+ 10. Nxd2 e5 11. dxe5 Nxe5 12. f4 Bg4 13. fxe5 Bxd1 14. exf6
Bxc2 15. fxg7 Rg8 16. O-O Qb6+ 17. Kg2 Bxe4+ 18. Nxe4 dxe4 19. Rf2 Rxg7 20. Bf4
O-O-O 21. Be5 Rg5 22. Bd4 Qc6 23. Kg1 f5 24. Be3 Rh5 25. Raf1 Qg6 26. Bd4 b6
27. a3 Rh4 28. Rg2 Rh3 29. Rgf2 Rd5 30. Re1 h5 31. Kg2 Rh4 32. Kh1 Qxg3 33. Rg2
Qxe1+ 0-1

[Event "Tournoi francophone 016 Groupe E"]
[Site "Skype"]
[Date "????.??.??"]
[Round "1.2"]
[White "Milanese, Serge"]
[Black "Sequeda Pimiento, Javier Ricardo"]
[Result "1-0"]
[WhiteElo "1202"]
[BlackElo "1366"]
[PlyCount "79"]

1. d4 Nf6 2. Bf4 g6 3. e4 Bg7 4. Nf3 Nxe4 5. Bd3 d5 6. c3 O-O 7. O-O Nc6 8.
Nbd2 Nxd2 9. Qxd2 Bg4 10. Be2 Bxf3 11. Bxf3 e5 12. Bh6 exd4 13. Bxg7 Kxg7 14.
cxd4 Re8 15. Rfe1 Qd6 16. a3 Red8 17. Rad1 b6 18. Re3 Ne7 19. Rde1 Nf5 20. Re5
c6 21. Bg4 Nh6 22. Bh5 f6 23. Re6 Qf8 24. Re7+ Nf7 25. Bg4 Re8 26. Rxe8 Rxe8
27. h4 Nd6 28. h5 g5 29. Re3 Nc4 30. h6+ Kxh6 31. Rh3+ Kg7 32. Qc2 h6 33. Bh5
f5 34. Bxe8 Qxe8 35. Qxf5 Nxb2 36. Re3 Qf8 37. Qe5+ Kh7 38. Qc7+ Kg8 39. Qxc6
Nd1 40. Qg6+ 1-0

[Event "Tournoi francophone 016 Groupe E"]
[Site "Skype"]
[Date "????.??.??"]
[Round "1.3"]
[White "Malbec, Robert"]
[Black "Rivalta, Paolo"]
[Result "1-0"]
[WhiteElo "1217"]
[BlackElo "1142"]
[PlyCount "63"]

1. e4 c6 2. d4 e5 3. Nf3 exd4 4. Qxd4 c5 5. Qc4 Nc6 6. Ng5 Ne5 7. Qc3 d6 8. Bc4
Be7 9. Nf3 Bf6 10. Qb3 Nxf3+ 11. Qxf3 Ne7 12. Qb3 O-O 13. Bf4 Ng6 14. Bg3 b6
15. O-O Bb7 16. Nd2 Ne5 17. Bxe5 Bxe5 18. c3 a5 19. Bd5 a4 20. Qc4 Ba6 21.
Bxf7+ Rxf7 22. Qd5 Bxf1 23. Kxf1 Bxh2 24. g3 Bxg3 25. Kg2 Bf4 26. Rd1 Ra5 27.
Nc4 Rb5 28. Kf1 Qd7 29. Rd3 Bc1 30. Rf3 Bxb2 31. Nxd6 c4 32. Qa8+ 1-0

[Event "Tournoi francophone 016 Groupe E"]
[Site "Skype"]
[Date "????.??.??"]
[Round "1.4"]
[White "Le Bouill, Pierre"]
[Black "Gerbaux, Regis"]
[Result "1-0"]
[WhiteElo "1252"]
[BlackElo "1062"]
[PlyCount "128"]

1. e4 e5 2. Nf3 Nc6 3. Bc4 Bc5 4. d3 Nf6 5. Ng5 d5 6. exd5 Nxd5 7. Bxd5 Qxd5 8.
O-O h6 9. Nf3 O-O 10. Nc3 Qd8 11. h3 b6 12. b3 Re8 13. Re1 Bb7 14. Bb2 Qd7 15.
Nh2 Nd4 16. Ne4 Qc6 17. c3 f5 18. cxd4 exd4 19. f3 fxe4 20. fxe4 Rad8 21. Qe2
Qg6 22. Qg4 Re6 23. Nf3 Qf7 24. Rf1 Rg6 25. Qh4 Be7 26. Qf2 Rf6 27. Qe2 Qg6 28.
Ne5 Qg3 29. Ng4 Rff8 30. Rxf8+ Rxf8 31. Rf1 Rxf1+ 32. Qxf1 c5 33. Bc1 Bc8 34.
Qf3 Qe1+ 35. Qf1 Qg3 36. Qf3 Qh4 37. Qf2 Qh5 38. Bf4 Bxg4 39. hxg4 Qxg4 40. Bg3
Qd1+ 41. Qf1 Qg4 42. Qf2 a6 43. Qf3 Qg5 44. Qf4 Qxf4 45. Bxf4 Bg5 46. Bxg5 hxg5
47. g4 Kf7 48. Kf2 Ke6 49. Ke2 Ke5 50. Kf3 b5 51. a3 c4 52. dxc4 bxc4 53. bxc4
d3 54. Ke3 d2 55. Kxd2 Kxe4 56. Kc3 Kf3 57. c5 Kxg4 58. c6 Kf5 59. c7 g4 60.
c8=Q+ Kf4 61. Qb8+ Kf3 62. Kd2 g3 63. Qb7+ Kf2 64. Qb6+ Kf1 1-0

[Event "Tournoi francophone 016 Groupe E"]
[Site "Skype"]
[Date "????.??.??"]
[Round "1.5"]
[White "Vincent, Andre"]
[Black "Moumtaz, Abderrahim"]
[Result "1-0"]
[WhiteElo "1332"]
[BlackElo "1321"]
[PlyCount "49"]

1. d4 Nf6 2. Nf3 c6 3. e3 d5 4. Bd3 e6 5. Nbd2 Bb4 6. c3 Be7 7. O-O O-O 8. Re1
Nbd7 9. e4 Nxe4 10. Nxe4 dxe4 11. Bxe4 Nf6 12. Bd3 Bd7 13. Bf4 Nd5 14. Bg3 f5
15. Be5 Bf6 16. Qd2 Qe7 17. Rac1 b5 18. a3 a5 19. c4 bxc4 20. Bxc4 Bxe5 21.
Nxe5 a4 22. Bd3 Rac8 23. Rc5 f4 24. Qc2 Nb6 25. Bxh7+ 1-0

[Event "Tournoi francophone 016 Groupe E"]
[Site "Skype"]
[Date "????.??.??"]
[Round "2.1"]
[White "Ibanez, Bittor"]
[Black "Moumtaz, Abderrahim"]
[Result "0-1"]
[WhiteElo "1030"]
[BlackElo "1321"]
[PlyCount "76"]

1. e4 e5 2. Nf3 Nc6 3. Bc4 Bc5 4. O-O Nf6 5. d4 Nxd4 6. Bxf7+ Kxf7 7. Nxe5+ Kg8
8. c3 Ne6 9. b4 Bb6 10. Re1 d6 11. Nc4 Kf7 12. Nxb6 axb6 13. Qb3 Re8 14. Bg5
Bd7 15. Nd2 Kf8 16. Bxf6 Qxf6 17. e5 dxe5 18. Ne4 Qg6 19. b5 Nf4 20. Qb4+ Kg8
21. Ng3 Nd3 22. Qe4 Nxe1 23. Qxg6 hxg6 24. Rxe1 Rxa2 25. c4 Rc2 26. h3 Rxc4 27.
Ne4 Bxb5 28. f3 Rc2 29. Re3 Bc6 30. Ng5 b5 31. Kh2 Bd5 32. h4 b4 33. Kg3 b3 34.
Rd3 c5 35. Rxd5 b2 36. Ne4 b1=Q 37. Nd6 Qe1+ 38. Kh3 Qh1+ 0-1

[Event "Tournoi francophone 016 Groupe E"]
[Site "Skype"]
[Date "????.??.??"]
[Round "2.2"]
[White "Gerbaux, Regis"]
[Black "Vincent, Andre"]
[Result "1/2-1/2"]
[WhiteElo "1062"]
[BlackElo "1332"]
[PlyCount "63"]

1. e4 e6 2. d4 d5 3. e5 c5 4. Nc3 Nc6 5. Nf3 a6 6. Bg5 Qa5 7. Qd2 cxd4 8. Nxd4
Nxd4 9. Qxd4 Bc5 10. Bb5+ Qxb5 11. Nxb5 Bxd4 12. Nc7+ Kd7 13. Nxa8 Kc6 14. c3
Bxe5 15. Bd8 Nh6 16. Ba5 Nf5 17. Nb6 Bc7 18. Nxc8 Bxa5 19. Na7+ Kb6 20. b4 Bxb4
21. cxb4 Kxa7 22. Rc1 Nd6 23. O-O Kb8 24. Rc3 Nc4 25. Rfc1 b5 26. f4 f5 27. Re1
Re8 28. Kf2 Kc7 29. Rec1 Kb8 30. Ke2 g6 31. Kd3 e5 32. fxe5 1/2-1/2

[Event "Tournoi francophone 016 Groupe E"]
[Site "Skype"]
[Date "????.??.??"]
[Round "2.3"]
[White "Rivalta, Paolo"]
[Black "Le Bouill, Pierre"]
[Result "1-0"]
[WhiteElo "1142"]
[BlackElo "1252"]
[PlyCount "61"]

1. e4 e6 2. Nf3 d6 3. d4 Nf6 4. Nc3 c6 5. e5 dxe5 6. dxe5 Qxd1+ 7. Nxd1 Nd5 8.
a3 Be7 9. c4 Nc7 10. Bd3 h6 11. O-O O-O 12. Nc3 b5 13. Be3 Nd7 14. cxb5 cxb5
15. Nxb5 Nxb5 16. Bxb5 Rb8 17. a4 a6 18. Bxd7 Bxd7 19. Rfb1 Bc6 20. Nd4 Bd5 21.
b3 f6 22. exf6 Bxf6 23. b4 Rfe8 24. b5 axb5 25. axb5 Bxd4 26. Bxd4 Bc4 27. b6
e5 28. Be3 Bd3 29. Rb2 Be4 30. Ra7 Re7 31. Rxe7 1-0

[Event "Tournoi francophone 016 Groupe E"]
[Site "Skype"]
[Date "????.??.??"]
[Round "2.4"]
[White "Sequeda Pimiento, Javier Ricardo"]
[Black "Malbec, Robert"]
[Result "1-0"]
[WhiteElo "1366"]
[BlackElo "1217"]
[PlyCount "103"]

1. d4 d5 2. e3 Nf6 3. c4 c6 4. Nc3 e6 5. Nf3 Bb4 6. Qb3 Bxc3+ 7. bxc3 O-O 8.
cxd5 cxd5 9. c4 Nc6 10. cxd5 Qa5+ 11. Bd2 Qxd5 12. Bc4 Qd6 13. O-O a6 14. a4
Rb8 15. Bxa6 bxa6 16. Qxb8 Nxb8 17. Rab1 Bb7 18. Rxb7 Qc7 19. Rxc7 Nd5 20. Rb7
Rc8 21. Rfb1 g6 22. Rxb8 Rxb8 23. Rxb8+ Kg7 24. e4 Nf6 25. Bc3 Nxe4 26. Bb2 Nd6
27. d5+ Kh6 28. dxe6 fxe6 29. Rb6 Nc4 30. Rxa6 Nxb2 31. Rxe6 Nxa4 32. g4 Nc5
33. Re7 Nd3 34. g5+ Kh5 35. Rxh7+ Kg4 36. Kg2 Nf4+ 37. Kf1 Kxf3 38. Rf7 Kg4 39.
Rg7 Kxg5 40. f3 Nh5 41. Rf7 Nf4 42. Kf2 Ne6 43. Kg3 Kh6 44. Rf6 Ng7 45. Kg4 Ne8
46. Rb6 Ng7 47. f4 Nf5 48. Kf3 Kh5 49. Ke4 Nh4 50. Rb5+ Nf5 51. Rxf5+ gxf5+ 52.
Kxf5 1-0

[Event "Tournoi francophone 016 Groupe E"]
[Site "Skype"]
[Date "????.??.??"]
[Round "2.5"]
[White "Yepez, German"]
[Black "Milanese, Serge"]
[Result "1-0"]
[WhiteElo "1180"]
[BlackElo "1202"]
[PlyCount "55"]

1. d4 Nf6 2. c3 d5 3. Nf3 e6 4. Nbd2 Nbd7 5. Qc2 Be7 6. e4 dxe4 7. Nxe4 Nxe4 8.
Qxe4 Nf6 9. Qc2 O-O 10. Bd3 h6 11. h3 b6 12. O-O Bb7 13. Ne5 c5 14. Be3 Qd5 15.
f3 Nd7 16. Bh7+ Kh8 17. Be4 Qd6 18. Bxb7 Nxe5 19. Bxa8 Nc4 20. Bf2 Rxa8 21.
dxc5 bxc5 22. b3 Ne5 23. Rad1 Qc7 24. c4 Bg5 25. Kh1 a5 26. Bg3 Bf6 27. Qe2 Qc8
28. Bxe5 1-0

[Event "Tournoi francophone 016 Groupe E"]
[Site "Skype"]
[Date "????.??.??"]
[Round "3.1"]
[White "Milanese, Serge"]
[Black "Ibanez, Bittor"]
[Result "0-1"]
[WhiteElo "1202"]
[BlackElo "1030"]
[PlyCount "72"]

1. d4 Nf6 2. Bf4 e6 3. e3 d5 4. Nf3 c5 5. c3 Nc6 6. Bd3 Bd6 7. Bg3 cxd4 8. cxd4
Bxg3 9. hxg3 Qc7 10. Qc2 Qa5+ 11. Nbd2 Nb4 12. Qb3 Bd7 13. a4 b5 14. Ke2 Nxd3
15. Qxd3 b4 16. Nb3 Qb6 17. Ne5 a6 18. Nxd7 Kxd7 19. f3 Kd6 20. Rh4 Rac8 21.
Nc5 a5 22. b3 g6 23. g4 h5 24. g5 Nd7 25. Nxd7 Kxd7 26. Kd2 Rc3 27. Qb5+ Kc7
28. Rhh1 Rxb3 29. Qc5+ Qxc5 30. dxc5 Rb2+ 31. Kd3 Rb3+ 32. Kd4 Kc6 33. Rhc1 e5+
34. Kxe5 Rxe3+ 35. Kf6 Rh7 36. Rc2 Re6# 0-1

[Event "Tournoi francophone 016 Groupe E"]
[Site "Skype"]
[Date "????.??.??"]
[Round "3.2"]
[White "Malbec, Robert"]
[Black "Yepez, German"]
[Result "1-0"]
[WhiteElo "1217"]
[BlackElo "1180"]
[PlyCount "35"]

1. e4 e5 2. Nf3 Nc6 3. Bc4 d6 4. d4 exd4 5. Nxd4 Ne5 6. Bb3 Nf6 7. Nc3 Bd7 8.
Nf3 Nxe4 9. Nxe4 Bg4 10. Neg5 Nxf3+ 11. Nxf3 Be7 12. Qe2 O-O 13. O-O Bf6 14.
Qc4 h6 15. Qxg4 Kh8 16. Qh3 Kh7 17. c4 g6 18. Qxh6+ 1-0

[Event "Tournoi francophone 016 Groupe E"]
[Site "Skype"]
[Date "????.??.??"]
[Round "3.3"]
[White "Le Bouill, Pierre"]
[Black "Sequeda Pimiento, Javier Ricardo"]
[Result "1/2-1/2"]
[WhiteElo "1252"]
[BlackElo "1366"]
[PlyCount "51"]

1. e4 e5 2. Nf3 Nc6 3. c3 d5 4. d3 dxe4 5. Ng5 h6 6. Nxe4 Bf5 7. Qf3 Bxe4 8.
Qxe4 Nf6 9. Qe2 Be7 10. g3 O-O 11. Bg2 Bc5 12. O-O Re8 13. Nd2 Qc8 14. Ne4 Nxe4
15. Bxe4 a6 16. Be3 Bxe3 17. fxe3 Re7 18. Bxc6 bxc6 19. e4 Qd7 20. Rad1 Rf8 21.
Qf2 f6 22. d4 Qh3 23. Rde1 Ref7 24. Qg2 Qg4 25. Qf3 Qxf3 26. Rxf3 1/2-1/2

[Event "Tournoi francophone 016 Groupe E"]
[Site "Skype"]
[Date "????.??.??"]
[Round "3.4"]
[White "Vincent, Andre"]
[Black "Rivalta, Paolo"]
[Result "1/2-1/2"]
[WhiteElo "1332"]
[BlackElo "1142"]
[PlyCount "58"]

1. e4 e5 2. Nf3 Nc6 3. Bc4 h6 4. Nc3 Bc5 5. O-O d6 6. h3 Qf6 7. Nd5 Qd8 8. a3
Nge7 9. Re1 Nxd5 10. Bxd5 Qd7 11. d3 O-O 12. Be3 Bxe3 13. Rxe3 b6 14. b4 b5 15.
Qe1 Bb7 16. Rd1 Rab8 17. d4 exd4 18. Nxd4 Nxd4 19. Rxd4 Bxd5 20. exd5 c5 21.
Rde4 f5 22. Re7 Qc8 23. Qc3 Rf7 24. R3e6 Qf8 25. Qe3 Rxe7 26. Rxe7 a6 27. Qe6+
Kh8 28. Qf7 Qxf7 29. Rxf7 g6 1/2-1/2

[Event "Tournoi francophone 016 Groupe E"]
[Site "Skype"]
[Date "????.??.??"]
[Round "3.5"]
[White "Moumtaz, Abderrahim"]
[Black "Gerbaux, Regis"]
[Result "0-1"]
[WhiteElo "1321"]
[BlackElo "1062"]
[PlyCount "64"]

1. d4 d5 2. c4 e6 3. Nf3 Nf6 4. Nc3 Nbd7 5. Bf4 c5 6. Nb5 e5 7. dxe5 dxc4 8.
exf6 Qa5+ 9. Nc3 Nxf6 10. Qa4+ Qxa4 11. Nxa4 Bd7 12. Nc3 Be7 13. e4 O-O 14. Bd3
cxd3 15. Rd1 c4 16. O-O Bc6 17. Rfe1 Rad8 18. Ne5 Bd6 19. Bg3 Bxe5 20. Bxe5
Rfe8 21. f3 Rxe5 22. Ne2 g5 23. Ng3 g4 24. f4 Re7 25. e5 Nd5 26. f5 Rde8 27.
Kf2 Rxe5 28. Rxe5 Rxe5 29. Rd2 Nf4 30. Kf1 Bxg2+ 31. Rxg2 Nxg2 32. Kxg2 d2 0-1

[Event "Tournoi francophone 016 Groupe E"]
[Site "Skype"]
[Date "????.??.??"]
[Round "4.1"]
[White "Ibanez, Bittor"]
[Black "Gerbaux, Regis"]
[Result "1-0"]
[WhiteElo "1030"]
[BlackElo "1062"]
[PlyCount "25"]

1. e4 e5 2. Nf3 Nc6 3. Bc4 Bc5 4. O-O Nf6 5. d4 exd4 6. e5 Ng4 7. Bxf7+ Kxf7 8.
Ng5+ Kg8 9. Qxg4 d5 10. e6 Ne5 11. Qf4 Bd6 12. Nf7 Nxf7 13. Qxf7# 1-0

[Event "Tournoi francophone 016 Groupe E"]
[Site "Skype"]
[Date "????.??.??"]
[Round "4.2"]
[White "Rivalta, Paolo"]
[Black "Moumtaz, Abderrahim"]
[Result "0-1"]
[WhiteElo "1142"]
[BlackElo "1321"]
[PlyCount "116"]

1. d4 Nf6 2. Bf4 d5 3. e3 Bf5 4. Bd3 Bxd3 5. Qxd3 e6 6. Nd2 Bd6 7. Bg5 Nbd7 8.
Ngf3 h6 9. Bxf6 Nxf6 10. O-O-O O-O 11. h4 Ng4 12. Rdf1 c6 13. e4 e5 14. exd5
cxd5 15. dxe5 Bxe5 16. Nxe5 Nxe5 17. Qd4 Re8 18. f4 Nc6 19. Qd3 Nb4 20. Qb3 Qe7
21. a3 Nc6 22. Qxd5 Rad8 23. Qf3 Nd4 24. Qf2 Nf5 25. g4 Nd4 26. g5 Ne2+ 27. Kd1
Qe3 28. Qxe3 Rxe3 29. Re1 Rde8 30. gxh6 gxh6 31. h5 Nxf4 32. Rxe3 Rxe3 33. Nc4
Rh3 34. Rxh3 Nxh3 35. Nd6 b6 36. Nf5 Kh7 37. c4 Nf4 38. Ng3 Kg7 39. Kd2 Kf6 40.
Ke3 Kg5 41. Kf3 Nxh5 42. Nxh5 Kxh5 43. b4 Kg5 44. Kg3 f5 45. c5 f4+ 46. Kf3
bxc5 47. bxc5 Kf5 48. c6 Ke6 49. c7 Kd7 50. c8=Q+ Kxc8 51. Kxf4 Kb7 52. Kg4 a5
53. Kh5 Kb6 54. Kxh6 a4 55. Kg5 Kb5 56. Kf4 Kc4 57. Ke3 Kb3 58. Ke2 Kxa3 0-1

[Event "Tournoi francophone 016 Groupe E"]
[Site "Skype"]
[Date "????.??.??"]
[Round "4.3"]
[White "Sequeda Pimiento, Javier Ricardo"]
[Black "Vincent, Andre"]
[Result "1-0"]
[WhiteElo "1366"]
[BlackElo "1332"]
[PlyCount "67"]

1. e4 e6 2. d4 d5 3. exd5 exd5 4. Nf3 Bd6 5. c4 c5 6. cxd5 Nf6 7. Nc3 a6 8. Bg5
Nbd7 9. Qe2+ Qe7 10. Bxf6 Qxe2+ 11. Bxe2 Nxf6 12. O-O Bf5 13. Rfe1 O-O 14. Rac1
h6 15. a3 Rfe8 16. dxc5 Bxc5 17. b4 Bd6 18. Na4 Nd7 19. Bc4 b5 20. Nh4 Bh7 21.
Nc5 Bxc5 22. bxc5 Rxe1+ 23. Rxe1 Nxc5 24. Ba2 Kf8 25. d6 Nd7 26. Re7 Re8 27.
Rxf7+ Kg8 28. Rxd7+ Kf8 29. h3 Bg8 30. Bxg8 Kxg8 31. Nf5 Re1+ 32. Kh2 Rd1 33.
Rxg7+ Kf8 34. d7 1-0

[Event "Tournoi francophone 016 Groupe E"]
[Site "Skype"]
[Date "????.??.??"]
[Round "4.4"]
[White "Yepez, German"]
[Black "Le Bouill, Pierre"]
[Result "1/2-1/2"]
[WhiteElo "1180"]
[BlackElo "1252"]
[PlyCount "86"]

1. d4 Nf6 2. Nf3 d5 3. h3 h6 4. Nc3 c6 5. e3 e6 6. Bd3 Be7 7. O-O Nbd7 8. e4
dxe4 9. Nxe4 Nxe4 10. Bxe4 Nf6 11. Bd3 O-O 12. c3 b6 13. Be3 Bb7 14. Nh2 Bd6
15. Ng4 Nxg4 16. Qxg4 f5 17. Qe2 Qf6 18. f4 Kh8 19. b4 a6 20. a4 Qe7 21. Kh2
Rf7 22. g4 g5 23. gxf5 exf5 24. Rg1 Re8 25. Rge1 Bxf4+ 26. Bxf4 gxf4 27. Qxe7
Rexe7 28. Rxe7 Rxe7 29. Rc1 Bc8 30. c4 Re3 31. Rd1 Bd7 32. c5 b5 33. axb5 axb5
34. Rd2 Be6 35. Bc2 Kg7 36. Rg2+ Kf6 37. h4 Bd5 38. Rf2 f3 39. Kg3 Rc3 40. Bd1
Rd3 41. Bxf3 Rxd4 42. Bxd5 Rxd5 43. Rf4 Ke5 1/2-1/2

[Event "Tournoi francophone 016 Groupe E"]
[Site "Skype"]
[Date "????.??.??"]
[Round "4.5"]
[White "Milanese, Serge"]
[Black "Malbec, Robert"]
[Result "1-0"]
[WhiteElo "1202"]
[BlackElo "1217"]
[PlyCount "63"]

1. d4 d5 2. Nf3 Nf6 3. Bf4 Bg4 4. e3 e6 5. Be2 Bd6 6. Bg3 O-O 7. Ne5 Bf5 8. f4
Nh5 9. Bxh5 Be4 10. O-O f6 11. Bf7+ Kh8 12. Bxe6 fxe5 13. dxe5 Bc5 14. Bf2 Qe8
15. Bxd5 Bg6 16. Bxb7 Nc6 17. Bxa8 Qxa8 18. a3 Be4 19. Qg4 Bxc2 20. Nd2 Bf5 21.
Qf3 Bd7 22. Qd5 Bb6 23. Qxd7 Rd8 24. Qg4 Rxd2 25. b4 Rd3 26. Rfd1 Rxd1+ 27.
Rxd1 g6 28. Rd7 Qe8 29. Kf1 Ne7 30. Qe6 Qg8 31. Qxe7 c6 32. Qf6+ 1-0

[Event "Tournoi francophone 016 Groupe E"]
[Site "Skype"]
[Date "????.??.??"]
[Round "5.1"]
[White "Malbec, Robert"]
[Black "Ibanez, Bittor"]
[Result "0-1"]
[WhiteElo "1217"]
[BlackElo "1030"]
[PlyCount "36"]

1. e4 c5 2. Nf3 g6 3. d4 cxd4 4. Qxd4 Nf6 5. e5 Nc6 6. Qc3 Nd5 7. Qb3 e6 8. Bc4
Na5 9. Qd3 Nb4 10. Qc3 Nbc6 11. a3 Nxc4 12. Qxc4 Qa5+ 13. Qc3 Bb4 14. axb4 Qxa1
15. O-O Qxb1 16. Bg5 Qa2 17. Qc5 Qd5 18. Qe7+ Nxe7 0-1

[Event "Tournoi francophone 016 Groupe E"]
[Site "Skype"]
[Date "????.??.??"]
[Round "5.2"]
[White "Le Bouill, Pierre"]
[Black "Milanese, Serge"]
[Result "0-1"]
[WhiteElo "1252"]
[BlackElo "1202"]
[PlyCount "75"]

1. Nf3 d5 2. e3 Bf5 3. b3 e6 4. Bb2 Nf6 5. h3 Nbd7 6. c4 c6 7. Be2 Bd6 8. Ba3
Bxa3 9. Nxa3 h6 10. Nc2 O-O 11. O-O Re8 12. d4 Rc8 13. c5 e5 14. Nh2 Bxh3 15.
gxh3 Rc7 16. Bg4 Ne4 17. Qd3 Qh4 18. Nf3 Qd8 19. Bf5 Ng5 20. Nxg5 Qxg5+ 21. Bg4
Nf6 22. Qf5 Nxg4 23. Qxg5 hxg5 24. hxg4 e4 25. Kg2 Rce7 26. Rh1 g6 27. Rh6 Rf8
28. Rah1 Ree8 29. Rh8+ Kg7 30. R8h7+ Kf6 31. b4 a6 32. a4 Ke6 33. a5 Re7 34.
Rh8 Rxh8 35. Rxh8 Rd7 36. Kg3 f5 37. Rh6 Rg7 38. gxf5+ 0-1

[Event "Tournoi francophone 016 Groupe E"]
[Site "Skype"]
[Date "????.??.??"]
[Round "5.3"]
[White "Vincent, Andre"]
[Black "Yepez, German"]
[Result "1/2-1/2"]
[WhiteElo "1332"]
[BlackElo "1180"]
[PlyCount "65"]

1. d4 d5 2. Bf4 Nf6 3. e3 e6 4. Nf3 c5 5. c3 Nc6 6. Nbd2 cxd4 7. cxd4 Be7 8. a3
O-O 9. Be2 Bd7 10. Rc1 Rc8 11. O-O Nh5 12. Bg3 Nxg3 13. fxg3 Bf6 14. Nb3 b6 15.
Bd3 e5 16. dxe5 Nxe5 17. Nxe5 Rxc1 18. Qxc1 Bxe5 19. Qc2 g6 20. Rc1 Be6 21. Nd2
Qg5 22. Re1 Rc8 23. Qb1 Qf6 24. Rf1 Qg7 25. Ba6 Rc7 26. b3 Rc3 27. Re1 Qh6 28.
Nf1 d4 29. Bc4 Bxc4 30. bxc4 dxe3 31. Qe4 Qg7 32. Qa8+ Qf8 33. Qxa7 1/2-1/2

[Event "Tournoi francophone 016 Groupe E"]
[Site "Skype"]
[Date "????.??.??"]
[Round "5.4"]
[White "Moumtaz, Abderrahim"]
[Black "Sequeda Pimiento, Javier Ricardo"]
[Result "0-1"]
[WhiteElo "1321"]
[BlackElo "1366"]
[PlyCount "58"]

1. d4 Nf6 2. c4 c6 3. Nc3 e6 4. Nf3 Bb4 5. Bg5 d5 6. a3 Bxc3+ 7. bxc3 O-O 8. e3
Nbd7 9. Bd3 Qa5 10. Qc2 Ne4 11. Bxe4 dxe4 12. Ne5 Nxe5 13. dxe5 Qxe5 14. Bf4
Qf6 15. O-O h5 16. Rac1 e5 17. Bg3 h4 18. Qxe4 hxg3 19. fxg3 Qe7 20. a4 f5 21.
Qf3 Be6 22. Qe2 Rad8 23. e4 Qc5+ 24. Kh1 Bxc4 25. Qf2 Qxf2 26. Rxf2 fxe4 27.
Rxf8+ Rxf8 28. Re1 e3 29. Kg1 e2 0-1

[Event "Tournoi francophone 016 Groupe E"]
[Site "Skype"]
[Date "????.??.??"]
[Round "5.5"]
[White "Gerbaux, Regis"]
[Black "Rivalta, Paolo"]
[Result "0-1"]
[WhiteElo "1062"]
[BlackElo "1142"]
[PlyCount "32"]

1. e4 e5 2. Nf3 Nc6 3. Bc4 h6 4. c3 Nf6 5. d3 Bc5 6. O-O O-O 7. Re1 d5 8. exd5
Nxd5 9. d4 exd4 10. cxd4 Bb4 11. Bd2 Bg4 12. Bxb4 Ndxb4 13. h3 Bxf3 14. Qxf3
Nc2 15. Nd2 Nxa1 16. Rxa1 Qxd4 0-1

[Event "Tournoi francophone 016 Groupe E"]
[Site "Skype"]
[Date "????.??.??"]
[Round "6.1"]
[White "Ibanez, Bittor"]
[Black "Rivalta, Paolo"]
[Result "0-1"]
[WhiteElo "1030"]
[BlackElo "1142"]
[PlyCount "60"]

1. e4 e5 2. Nf3 Nc6 3. Bc4 Bc5 4. b4 Bxb4 5. c3 Ba5 6. d4 exd4 7. Nxd4 Qe7 8.
O-O Nf6 9. e5 Nxe5 10. Nf5 Qc5 11. Nxg7+ Kd8 12. Bxf7 d6 13. Bg5 Neg4 14. Bxf6+
Nxf6 15. Be6 Ne4 16. Bxc8 Qe5 17. Qg4 Rxc8 18. Ne6+ Ke7 19. Nd4 Bb6 20. Nf5+
Kf7 21. Nh6+ Kf6 22. Qh4+ Qg5 23. Qxe4 Qxh6 24. Qf3+ Kg7 25. Qg4+ Kf7 26. Qd7+
Kf6 27. g4 Qf4 28. Na3 Rcg8 29. Rae1 Rxg4+ 30. Kh1 Qf3# 0-1

[Event "Tournoi francophone 016 Groupe E"]
[Site "Skype"]
[Date "????.??.??"]
[Round "6.2"]
[White "Sequeda Pimiento, Javier Ricardo"]
[Black "Gerbaux, Regis"]
[Result "1-0"]
[WhiteElo "1366"]
[BlackElo "1062"]
[PlyCount "45"]

1. e4 c6 2. d4 d5 3. e5 Bf5 4. Bd3 Bxd3 5. Qxd3 e6 6. c4 Nd7 7. Nf3 c5 8. cxd5
exd5 9. dxc5 Qa5+ 10. Nc3 Nxc5 11. Qc2 Ne7 12. O-O Rd8 13. Bd2 Qc7 14. Nb5 Qb6
15. Nd6+ Kd7 16. Nxf7 Rg8 17. Nxd8 Qxd8 18. Qxh7 Ne4 19. Qh3+ Ke8 20. Bb4 g6
21. Rac1 Bg7 22. Bxe7 Rh8 23. Qe6 1-0

[Event "Tournoi francophone 016 Groupe E"]
[Site "Skype"]
[Date "????.??.??"]
[Round "6.3"]
[White "Yepez, German"]
[Black "Moumtaz, Abderrahim"]
[Result "1-0"]
[WhiteElo "1180"]
[BlackElo "1321"]
[PlyCount "61"]

1. d4 Nf6 2. Nf3 d5 3. c3 Bf5 4. Bg5 Nbd7 5. e3 Ne4 6. Nh4 Nxg5 7. Nxf5 e6 8.
Ng3 Bd6 9. Bd3 Nf6 10. Ne2 O-O 11. h4 Nge4 12. Bxe4 dxe4 13. Qc2 e5 14. Nd2
exd4 15. Nxd4 Qd7 16. Nxe4 Be5 17. Nxf6+ Bxf6 18. O-O-O g6 19. Qe2 c5 20. Nb3
Rfd8 21. Rxd7 Rxd7 22. Nxc5 Rc7 23. Ne4 Bg7 24. g4 Rac8 25. g5 Be5 26. Nf6+
Bxf6 27. gxf6 Rc6 28. Qf3 b5 29. Qf4 Rc4 30. Qh6 R8c6 31. Qg7# 1-0

[Event "Tournoi francophone 016 Groupe E"]
[Site "Skype"]
[Date "????.??.??"]
[Round "6.4"]
[White "Milanese, Serge"]
[Black "Vincent, Andre"]
[Result "1/2-1/2"]
[WhiteElo "1202"]
[BlackElo "1332"]
[PlyCount "69"]

1. d4 Nf6 2. c4 d5 3. Nc3 e6 4. g3 Be7 5. Bg2 O-O 6. a3 c5 7. Nf3 Nbd7 8. Be3
Qc7 9. b4 b6 10. bxc5 bxc5 11. O-O Bb7 12. Bf4 Qc8 13. Nb5 Ne8 14. e3 a6 15.
Nc3 dxc4 16. Na4 Bd5 17. Ne5 Bxg2 18. Nxd7 Qxd7 19. Kxg2 Qd5+ 20. Kg1 Qc6 21.
Nc3 Nf6 22. f3 Rfd8 23. Ne2 Nd5 24. h4 Bf6 25. Qc1 c3 26. Nxc3 Nxf4 27. gxf4
cxd4 28. Ne4 Qxc1 29. Raxc1 dxe3 30. Nxf6+ gxf6 31. Rc3 e2 32. Re1 Rd2 33. Kf2
Rad8 34. Rxe2 R2d3 35. Rec2 1/2-1/2

[Event "Tournoi francophone 016 Groupe E"]
[Site "Skype"]
[Date "????.??.??"]
[Round "6.5"]
[White "Malbec, Robert"]
[Black "Le Bouill, Pierre"]
[Result "*"]
[WhiteElo "1217"]
[BlackElo "1252"]
[PlyCount "74"]

1. e4 d5 2. exd5 Qxd5 3. Nc3 Qa5 4. d4 c6 5. Nf3 Nf6 6. Bd2 Qc7 7. Bd3 e6 8.
Bg5 Be7 9. O-O h6 10. Bh4 O-O 11. Qe2 Nh7 12. Bxe7 Qxe7 13. Qe4 f5 14. Qf4 Bd7
15. Ne5 Qf6 16. Rfe1 Be8 17. Re2 Nd7 18. Rae1 Rd8 19. Bc4 Nb6 20. Bb3 g5 21.
Qe3 Bh5 22. f3 Nd5 23. Nxd5 cxd5 24. g4 fxg4 25. fxg4 Qg7 26. gxh5 Nf6 27. Qh3
g4 28. Qh4 Ne4 29. Rg2 Qf6 30. Qxg4+ Kh7 31. Qg6+ Kh8 32. Qxf6+ Rxf6 33. Ng6+
Kh7 34. Ne5 Ng5 35. Rf1 Nh3+ 36. Kh1 Rxf1+ 37. Rg1 Rxg1# *

[Event "Tournoi francophone 016 Groupe E"]
[Site "Skype"]
[Date "????.??.??"]
[Round "7.1"]
[White "Le Bouill, Pierre"]
[Black "Ibanez, Bittor"]
[Result "1-0"]
[WhiteElo "1252"]
[BlackElo "1030"]
[PlyCount "90"]

1. c4 e6 2. g3 d5 3. d4 c5 4. dxc5 Bxc5 5. e3 d4 6. exd4 Qxd4 7. Qxd4 Bxd4 8.
Nc3 Bxc3+ 9. bxc3 Nf6 10. Bg2 Na6 11. Ne2 e5 12. Bg5 Nc5 13. Rd1 Nfd7 14. O-O
f6 15. Be3 e4 16. f3 f5 17. fxe4 O-O 18. Bxc5 Nxc5 19. exf5 Bxf5 20. Rd5 Be4
21. Rxf8+ Rxf8 22. Rxc5 Bxg2 23. Kxg2 Rd8 24. Rd5 Rc8 25. c5 b6 26. cxb6 axb6
27. a4 Rc4 28. a5 bxa5 29. Rxa5 Kf7 30. Kf3 Kf6 31. h3 g5 32. Ra6+ Kg7 33. Rd6
h5 34. Rd4 Rc6 35. Ke4 Kf6 36. Rd5 Rc4+ 37. Kd3 Ra4 38. Rd6+ Ke5 39. Rd4 Ra1
40. Re4+ Kf5 41. g4+ hxg4 42. Ng3+ Kf6 43. hxg4 Rd1+ 44. Kc4 Rg1 45. Nf5 Rg3
1-0

[Event "Tournoi francophone 016 Groupe E"]
[Site "Skype"]
[Date "????.??.??"]
[Round "7.2"]
[White "Vincent, Andre"]
[Black "Malbec, Robert"]
[Result "1-0"]
[WhiteElo "1332"]
[BlackElo "1217"]
[PlyCount "39"]

1. Nf3 Nc6 2. d4 d5 3. c3 Bg4 4. e3 Nf6 5. Nbd2 a6 6. h3 Bh5 7. Bd3 e5 8. e4
Bd6 9. O-O O-O 10. Qc2 Re8 11. exd5 Nxd5 12. Bxh7+ Kh8 13. Be4 Nf6 14. d5 Ne7
15. Ng5 Nxe4 16. Ndxe4 Nxd5 17. Nxd6 Bg6 18. Ngxf7+ Bxf7 19. Nxf7+ Kg8 20. Nxd8
1-0